1927 1040 1088 1538 1024 1104 1561 1484 1987 1638 1290 1062 1671 1422 1502 1636 1451 1571 1259 1893 1635 1488 1685 1766 1780 1090 1103 1877 1628 1073 1718 1559 1385 1708 1239 1928 1598 1070 1387 1955 1240 1237 1197 1116 1412 1956 1900 1299 1645 1929 1607 1759 1271 1488 1665 1827 1488 1247 1177 1512 1554 1720 1983 1739 1026 1513 1524 1839 1100 1454 1771 1670 1344 1945 1282 1111 1924 1290 1851 1534 1696 1511 1318 1015 1677 1184 1751 1705 1772 1617 1105 1891 1560 1936 1209 1288 1516 1125 1148 BCNSPRNW ULIB Ver.6.0+V

เปลี่ยนเป็นภาษาไทย

Change to English
 แสดงรายละเอียดบรรณานุกรม
  กลับหน้าหลัก

Brief Record : Get Marc (ISO 2709) : E-mail record : QR code < ปิดหน้าต่าง
LEADER : 00000nam 2200000uu 4500
001    13399111454
003     ULIB
008    110627s2553||||th 000 0 tha d
020    9786167346007
090    นว.^bK725ค 2553
100 0  Kula
245 00 ครัวกระจุย...ตะลุยรัก /^c เขียนโดย Kula
260    กรุงเทพฯ:^bเพชรประกาย,^c2553
300    208 หน้า
945    ^p0^l0^i17067
995    กัณชพร
999 ^a ใช้งานได้ทุกระบบ
รายการนี้ยังไม่มีแท็ก
คุณยังไม่ได้ล็อกอิน คุณสามารถมีกิจกรรมร่วมกับเว็บไซต์ได้ แต่ต้องล็อกอินก่อน ::
  ล็อกอิน

รายการสื่อสารสนเทศ

ลำดับที่ ประเภท เลขเรียก/บาร์โค้ด สถานที่ สถานะ
1. นวนิยาย
นวนิยาย
นว. K725ค 2553  
  Barcode: 17067
ห้องสมุดวิทยาเขตสวรรค์ประชารักษ์
►นวนิยาย
บนชั้น
  ขอยืม

BibComment


ยังไม่เคยถูกคอมเมนท์

คอมเมนท์ทรัพยากรรายการนี้
  คอมเมนท์: ครัวกระจุยตะลุยรั..


 Copyright 2026. Bcnsprnw @Library